000
00310nam a2200109Ia 4500
005
20251222141759.0
008
251222s9999||||xx |||||||||||||| ||spa||
082
_a
868.32/S22
100
_a
"Sánchez, Luis AlbertoJiménez Borja, JoséTamayo Vargas, Augusto"
245
0
_a
4° Centenario de Cervantes
942
_c
LIB
999
_c
6107
_d
6107